| 000 | 00628nam a2200229 a 4500 | ||
|---|---|---|---|
| 001 | 51689 | ||
| 003 | BD-RjUL | ||
| 005 | 20211209075711.0 | ||
| 008 | 160901s1972 nyua 001 0 eng | ||
| 035 | _a(BD-RjUL)51809 | ||
| 040 |
_aDLC _cDLC _dDLC _dBD-RjUL _beng |
||
| 041 | _aeng | ||
| 082 | 0 | 0 |
_a001.64 _223 _bBAD 1972 |
| 100 | 1 |
_aBartee, Thomas C. _9117973 |
|
| 245 | 1 | 0 |
_aDigital computer fundamentals / _cThomas C. Bartee |
| 250 | _a3d ed. | ||
| 260 |
_aNew York : _bMcGraw-Hill, _c1972. |
||
| 300 |
_ax, 467 p. : _bill ; _c24 cm. |
||
| 500 | _aindex | ||
| 650 | 0 |
_aElectronic digital computers _9154529 |
|
| 942 |
_2ddc _cBK |
||
| 999 |
_c51689 _d51689 |
||